000
003300000a22001450004500
003
MACL
040
_a
MACL
090
_c
32831
_d
32829
100
_a
Kaufeld, John
245
_a
Roxpro 26 For Windows for Dummies
260
_b
Comdex Pustak mahal
_c
1997
350
_a
135
650
_a
Computer probraming
942
_c
BOOK
_k
005/Kau
999
_c
32495
_d
32495